| 000 | 01018na a2200265 4500 | ||
|---|---|---|---|
| 001 | 17054 | ||
| 003 | MIRAKIL | ||
| 005 | 20181213154930.0 | ||
| 008 | 161021b tu 000 0 | ||
| 040 |
_aMilas _btur _cTR-AnCHP |
||
| 082 |
_a658.3 _bB85i 1990 |
||
| 090 | _a658.3 B85i 1990 | ||
| 100 | _aBumin, Birol | ||
| 245 |
_aİşletmelerde organizasyon geliştirme ve çatışmanın yönetimi _cBirol Bumin |
||
| 260 |
_aAnkara _bGazi Üniversitesi İktisadi ve İdari Bilimler Fakültesi _c1990 |
||
| 300 |
_axi, 162, 111. 150s. _btbl. ; şkl. _c24 sm. |
||
| 500 | _aYapıt yazarından imzalıdır. | ||
| 504 | _aKaynakça (144-150) var. (2.kitap) | ||
| 504 | _aKaynakça (156-162) var. (1.kitap) | ||
| 505 | _aİşletmelerde organizasyon geliştirme ve çatışmanın yönetimi - İşletmelerde çatışmanın yönetimi | ||
| 650 | _aÖrgüt geliştirme | ||
| 650 |
_aÖrgütsel çatışma _xBireysel çatışma _xGruplararası çatışma |
||
| 650 |
_aÖrgütsel yönetim _xİşletme |
||
| 942 |
_2ddc _cBKS |
||
| 999 |
_c3403 _d3403 |
||